[Event "Carlos Torre Memorial op 33rd"]
[Site "Merida"]
[Date "2023.12.16"]
[Round "4"]
[White "Davalos Prieto, Abel"]
[Black "Lares Flores, Manuel"]
[Result "0-1"]
[WhiteElo "2017"]
[BlackElo "2156"]
[PlyCount "130"]
[EventDate "2023.12.15"]
[EventType "swiss"]
[EventRounds "9"]
[EventCountry "MEX"]
[SourceTitle "CB52_2023"]
[SourceDate "2023.12.27"]
[SourceVersion "1"]
[SourceVersionDate "2023.12.27"]
[SourceQuality "1"]

1. d4 Nf6 2. Bf4 g6 3. Nc3 Bg7 4. e4 d6 5. Qd2 0-0 6. 0-0-0 c6 7. Bh6 Qa5 8. Bd3 e5 9. dxe5 dxe5 10. h4 Bxh6 11. Qxh6 Ng4 12. Qd2 Qc5 13. Nh3 h5 14. f3 Nf6 15. Ng5 Nbd7 16. Qe2 b5 17. Rdg1 a5 18. Nd1 a4 19. Qe3 a3 20. b3 Qxe3+ 21. Nxe3 Nc5 22. Be2 Ne8 23. g4 Ng7 24. gxh5 Nxh5 25. Ng4 f6 26. Nh3 Ne6 27. Ne3 Nef4 28. Nxf4 Nxf4 29. Bd1 Kf7 30. Ng2 Nh5 31. Ne3 Be6 32. Rg2 Rfd8 33. Rd2 Nf4 34. Rhh2 Ke7 35. c3 Rxd2 36. Rxd2 Rh8 37. Nc2 Rxh4 38. Nxa3 Rh1 39. Kb2 f5 40. exf5 Bxf5 41. Bc2 Rf1 42. Bxf5 gxf5 43. Nc2 Rxf3 44. Nb4 e4 45. Nxc6+ Kf6 46. Nd4 Rf1 47. a4 e3 48. Rc2 Nd3+ 49. Ka3 bxa4 50. bxa4 f4 51. a5 Ra1+ 52. Ra2 Rxa2+ 53. Kxa2 Nc5 54. Ka3 Na6 55. Ka4 Nc7 56. Kb4 Ke5 57. Kc5 Ke4 58. Kb6 Na8+ 59. Kb7 f3 60. Nxf3 Kxf3 61. Kxa8 e2 62. a6 e1Q 63. a7 Qb1 64. c4 Qb6 65. c5 Qc7 0-1

[Event "Mexican op 54th"]
[Site "Aguascalientes"]
[Date "2008.03.22"]
[Round "8"]
[White "Dominguez Aguilar, Guillermo"]
[Black "Lares Flores, Manuel"]
[Result "1-0"]
[WhiteElo "2400"]
[BlackElo "2268"]
[PlyCount "77"]
[EventDate "2008.03.18"]
[EventType "swiss"]
[EventRounds "9"]
[EventCountry "MEX"]
[SourceTitle "CBM 123 Extra"]
[Source "ChessBase"]
[SourceDate "2008.05.06"]
[SourceVersion "1"]
[SourceVersionDate "2008.05.06"]
[SourceQuality "1"]

1. e4 c5 2. Nf3 d6 3. d4 cxd4 4. Nxd4 Nf6 5. Nc3 a6 6. Be3 e5 7. Nb3 Be6 8. f3 Be7 9. Qd2 Nbd7 10. g4 Nb6 11. g5 Nfd7 12. 0-0-0 Qc7 13. Kb1 Nc4 14. Bxc4 Qxc4 15. Rhg1 a5 16. Qd3 Qc6 17. Nd5 Bd8 18. h4 Rc8 19. Rg2 b5 20. Nc1 b4 21. h5 0-0 22. Rgd2 Qb7 23. Qe2 Nc5 24. Qg2 Kh8 25. f4 Na4 26. Nb3 Nc3+ 27. bxc3 bxc3 28. Rd3 a4 29. h6 g6 30. fxe5 Bxd5 31. exd5 axb3 32. axb3 dxe5 33. Qg3 f6 34. Bf2 Qb4 35. Be1 Ba5 36. gxf6 e4 37. Re3 Kg8 38. Qe5 Rce8 39. f7+ 1-0

[Event "Morelia op 2nd"]
[Site "Morelia"]
[Date "2007.02.16"]
[Round "2"]
[White "Lares Flores, Manuel"]
[Black "Tiviakov, Sergei"]
[Result "0-1"]
[WhiteElo "2282"]
[BlackElo "2667"]
[PlyCount "64"]
[EventDate "2007.02.15"]
[EventType "swiss"]
[EventRounds "7"]
[EventCountry "MEX"]
[SourceTitle "CBM 116 Extra"]
[Source "ChessBase"]
[SourceDate "2007.03.07"]
[SourceVersion "1"]
[SourceVersionDate "2007.03.07"]
[SourceQuality "1"]

1. e4 d5 2. exd5 Qxd5 3. d4 Nf6 4. c4 Qd8 5. b3 g6 6. Nf3 Bg7 7. Bb2 0-0 8. Be2 c6 9. 0-0 Bf5 10. Nbd2 Ne4 11. Nxe4 Bxe4 12. Qd2 Nd7 13. Rad1 Qc7 14. Bc3 Rfe8 15. Rfe1 a5 16. a3 a4 17. b4 Nb6 18. Qa2 Rad8 19. Nd2 Bf5 20. Nf1 Be6 21. Ba1 Rd7 22. Rd2 Red8 23. Red1 f5 24. Ne3 f4 25. Ng4 f3 26. gxf3 Qf4 27. Ne3 Bh3 28. Kh1 e6 29. Qb2 Qh4 30. Kg1 Rf8 31. Qc2 Bh6 32. d5 Bxe3 0-1

[Event "MEX-ch op 52nd "]
[Site "Mexico City"]
[Date "2006.04.14"]
[Round "5"]
[White "Lares Flores, Manuel"]
[Black "Contreras Medina, Ruben Dario"]
[Result "0-1"]
[WhiteElo "2273"]
[BlackElo "2167"]
[PlyCount "50"]
[EventDate "2006.04.11"]
[EventType "swiss"]
[EventRounds "9"]
[EventCountry "MEX"]
[SourceTitle "EXT 2007"]
[Source "ChessBase"]
[SourceDate "2006.11.23"]
[SourceVersion "1"]
[SourceVersionDate "2006.11.23"]
[SourceQuality "1"]

1. e4 c5 2. Nf3 Nc6 3. Bb5 g6 4. Bxc6 dxc6 5. d3 f6 6. Nbd2 e5 7. b3 Nh6 8. 0-0 Nf7 9. a4 a5 10. Qe1 Be6 11. Nc4 g5 12. Kh1 h5 13. Bd2 b6 14. Bc3 Bd6 15. Nfd2 Bc7 16. Ne3 Qd7 17. f3 0-0-0 18. Rf2 Rh6 19. Ndf1 Rg8 20. Ng3 Nd6 21. Bd2 Rh7 22. Rb1 h4 23. Ngf1 Ne8 24. h3 Ng7 25. Ng4 Nh5 0-1

[Event "Morelia op 01st"]
[Site "Morelia"]
[Date "2006.02.19"]
[Round "7"]
[White "Ibarra Padron, Joel"]
[Black "Lares Flores, Manuel"]
[Result "0-1"]
[WhiteElo "2130"]
[BlackElo "2267"]
[PlyCount "78"]
[EventDate "2006.02.16"]
[EventType "swiss"]
[EventRounds "7"]
[EventCountry "MEX"]
[SourceTitle "CBM 110 Extra"]
[Source "ChessBase"]
[SourceDate "2006.03.10"]
[SourceVersion "2"]
[SourceVersionDate "2006.03.10"]
[SourceQuality "1"]

1. e4 c5 2. Nf3 Nc6 3. Bb5 d6 4. d4 cxd4 5. Qxd4 Bd7 6. Bxc6 Bxc6 7. Nc3 e5 8. Qd3 Nf6 9. Bg5 Be7 10. Rd1 Qa5 11. Bxf6 Bxf6 12. 0-0 0-0 13. Nd2 Rad8 14. Nc4 Qc7 15. Ne3 Rd7 16. Ncd5 Qd8 17. f4 exf4 18. Rxf4 Bxb2 19. c3 Ba3 20. Rg4 Bc5 21. Rf1 Bxd5 22. exd5 Re7 23. Rf3 Rxe3 24. Rxe3 Re8 25. Rd4 Rxe3 26. Qxe3 g6 27. Kf1 Kg7 28. Ke2 Qf6 29. Kd3 Bxd4 30. Qxd4 Qxd4+ 31. Kxd4 f5 32. c4 b6 33. a3 Kf6 34. a4 h6 35. g3 g5 36. h4 Kg6 37. hxg5 Kxg5 38. Ke3 Kg4 39. Kf2 f4 0-1

[Event "MEX-ch op 50th"]
[Site "Leon"]
[Date "2004.04.09"]
[Round "5"]
[White "Norgaard, Jesper"]
[Black "Lares Flores, Manuel"]
[Result "1-0"]
[WhiteElo "2406"]
[BlackElo "2277"]
[PlyCount "215"]
[EventDate "2004.04.06"]
[EventType "swiss"]
[EventRounds "9"]
[EventCountry "MEX"]
[SourceTitle "CBM 099 Extra"]
[Source "ChessBase"]
[SourceDate "2004.05.04"]
[SourceVersion "1"]
[SourceVersionDate "2004.05.04"]
[SourceQuality "1"]

1. e4 Nf6 2. e5 Nd5 3. d4 d6 4. Nf3 Bg4 5. Be2 e6 6. 0-0 Be7 7. c4 Nb6 8. Nc3 0-0 9. Be3 N8d7 10. exd6 cxd6 11. b3 Rc8 12. Rc1 Nf6 13. h3 Bh5 14. Ng5 Bg6 15. Bd3 Bxd3 16. Qxd3 Nbd7 17. Rfd1 a6 18. Nf3 Qa5 19. Bd2 Qc7 20. a4 Rfe8 21. Re1 Bf8 22. Bf4 Qa5 23. Bd2 Qc7 24. Ng5 b6 25. Ra1 h6 26. Nf3 e5 27. Qb1 Qb7 28. d5 a5 29. Nh4 Nc5 30. Nf5 Qd7 31. Ng3 g6 32. Be3 Bg7 33. Ra2 Nh7 34. Bxc5 bxc5 35. Nb5 f5 36. f3 Bf6 37. Nh1 Bh4 38. Ree2 Re7 39. g3 Bf6 40. Nf2 Rce8 41. Qe1 Qd8 42. Kg2 Bg7 43. Qb1 Rf7 44. Re1 Nf8 45. Rae2 g5 46. Nd3 Ng6 47. Rf2 Bf8 48. Nb2 Qf6 49. Nd1 h5 50. Kh2 Rfe7 51. Rg1 Bg7 52. Ne3 e4 53. fxe4 f4 54. gxf4 Rxe4 55. Rxg5 Nxf4 56. Rxh5 Qg6 57. Rxf4 Qxh5 58. Rxe4 Be5+ 59. Kg1 Qxh3 60. Ng4 Qg3+ 61. Kf1 Qf3+ 62. Nf2 Rf8 63. Qe1 Bg3 64. Re3 Qh1+ 65. Ke2 Qxe1+ 66. Kxe1 Bxf2+ 67. Ke2 Bxe3 68. Kxe3 Rf6 69. Na7 Rh6 70. Kd3 Rh3+ 71. Kc2 Rh2+ 72. Kb1 Kf7 73. Nc8 Rh6 74. Kc2 Ke8 75. Na7 Kd7 76. Nc6 Rh2+ 77. Kc3 Rh3+ 78. Kb2 Rh2+ 79. Ka3 Rc2 80. Nxa5 Kc7 81. Nc6 Kb6 82. Nd8 Kc7 83. Nf7 Rf2 84. Ng5 Rc2 85. Ne4 Re2 86. Nc3 Re3 87. Ne4 Re2 88. Nc3 Rc2 89. Nb5+ Kd7 90. a5 Rc1 91. Kb2 Rh1 92. a6 Rh2+ 93. Ka3 Rh1 94. a7 Ra1+ 95. Kb2 Ra6 96. b4 cxb4 97. Kb3 Ra1 98. Kxb4 Ra6 99. c5 dxc5+ 100. Kxc5 Ra4 101. Kb6 Ra1 102. Kb7 Rb1 103. a8Q Rxb5+ 104. Ka6 Rc5 105. Kb6 Rc7 106. Qc6+ Rxc6+ 107. dxc6+ Kc8 108. c7 1-0

[Event "Mexico City op"]
[Site "Mexico City"]
[Date "1991.??.??"]
[Round "3"]
[White "Rodriguez Cespedes, Amador"]
[Black "Lares Flores, Manuel"]
[Result "1-0"]
[WhiteElo "2530"]
[BlackElo "2230"]
[PlyCount "53"]
[EventDate "1991.07.??"]
[EventType "swiss"]
[EventRounds "11"]
[EventCountry "MEX"]
[SourceTitle "TD"]
[Source "ChessBase"]
[SourceDate "1994.03.01"]
[SourceVersion "1"]
[SourceVersionDate "1994.03.01"]
[SourceQuality "1"]

1. e4 c5 2. Nf3 d6 3. d4 cxd4 4. Nxd4 Nf6 5. Nc3 a6 6. Bg5 Bd7 7. Qd2 Nc6 8. 0-0-0 e6 9. f4 Qc7 10. Nf3 0-0-0 11. Kb1 Be7 12. Bd3 Be8 13. Rhe1 Nb4 14. a3 Nxd3 15. cxd3 Kb8 16. Rc1 Bc6 17. Bh4 Qa5 18. Bf2 d5 19. Qe3 Kc7 20. Nd4 Kc8 21. Nxc6 bxc6 22. Qa7 Qc7 23. Qxa6+ Qb7 24. Qa5 Kd7 25. Na4 Rb8 26. Nb6+ Ke8 27. Qa4 1-0